| 000 | 00570nam a22002177a 4500 | ||
|---|---|---|---|
| 003 | OSt | ||
| 005 | 20140310183028.0 | ||
| 008 | 130218t xxu||||| |||| 00| 0 eng d | ||
| 020 | _a9789715846288 | ||
| 050 |
_aQC 21 _b.Su941 2007 |
||
| 082 |
_aFIL 530.22 _b.Su941 2007 |
||
| 245 |
_aIntroduction to college Physics _cSubia, Gener S. |
||
| 260 |
_aPhilippines _bC & E Publishing Inc. _c2007 |
||
| 300 |
_a124 p. _c25 cm. |
||
| 521 | _acollege students | ||
| 526 | _c1210L-1700L | ||
| 541 | _j1 | ||
| 541 | _j2 | ||
| 562 | _e2 | ||
| 942 |
_2lcc _cBK _kFIL |
||
| 999 |
_c18420 _d18420 |
||